[Event "Ctor por Equipos de Aragon-Division de Honor"]
[Site ""]
[Date "2023.03.25"]
[Round "9.18"]
[White "Hidalgo Gracia, Andres"]
[Black "Felez Casedas, Carlos"]
[Result "0-1"]
[WhiteElo "1852"]
[BlackElo "1940"]
[PlyCount "0"]
[WhiteTeam "Monzon"]
[BlackTeam "L'Aurora Estadilla"]
[EventDate "2023.01.28"]

1. c4 e6 2. Nf3 Nf6 3. Nc3 d5 4. cxd5 exd5 5. d4 c6 6. Bf4 Nbd7 7. e3 Nh5 8.
Bg5 Be7 9. Bxe7 Qxe7 10. Bd3 Nf4 11. O-O Nxd3 12. Qxd3 O-O 13. Rfe1 Nf6 14. Nd2
Be6 15. Rac1 Qd7 16. Na4 Bf5 17. Qb3 Qd6 18. Qxb7 Ng4 19. Nf1 Rac8 20. Rc3 Rc7
21. Qa6 Bc8 22. Qa5 f5 23. f3 Nh6 24. f4 Ng4 25. Nc5 Nf6 26. Nd3 Ne4 27. Rc2 g5
28. Rec1 Bd7 29. Ne5 Be8 30. b4 gxf4 31. exf4 Rg7 32. Nd3 Qh6 33. Nd2 Kh8 34.
Nf3 Rfg8 35. Kh1 Ng3+ 36. Kg1 Ne4 37. a4 Qh3 38. Nde1 Bh5 39. Kf1 Bxf3 40. Nxf3
Rxg2 41. Ke1 Qxf3 42. Rxg2 Qxg2 0-1

[Event "Ctor por Equipos de Aragon-Division de Honor"]
[Site ""]
[Date "2023.03.25"]
[Round "9.19"]
[White "Puertolas Serena, Arturo"]
[Black "Garreta Nieto, Maria"]
[Result "0-1"]
[WhiteElo "1788"]
[BlackElo "1711"]
[PlyCount "0"]
[WhiteTeam "L'Aurora Estadilla"]
[BlackTeam "Monzon"]
[EventDate "2023.01.28"]

1. d4 d5 2. Nf3 Nf6 3. e3 c6 4. Bd3 Bg4 5. Nbd2 Nbd7 6. h3 Bh5 7. c4 e6 8. Qc2
Bg6 9. b3 Bd6 10. Bb2 Bxd3 11. Qxd3 O-O 12. O-O Rc8 13. Rac1 Qe7 14. a4 a5 15.
Bc3 Ra8 16. Ne5 Rfc8 17. f4 Nh5 18. g4 Nhf6 19. e4 Nxe4 20. Nxe4 dxe4 21. Qxe4
Nxe5 22. fxe5 Bb4 23. Qf4 Rc7 24. g5 Rd8 25. c5 Bxc3 26. Rxc3 Rcd7 27. Rd3 Rd5
28. Qd2 Qc7 29. Rf4 b6 30. cxb6 Qxb6 31. Qf2 Rxe5 32. Rxf7 Rxg5+ 33. Kh1 Qb4
34. Rc7 Rf8 35. Rf3 Rxf3 36. Qxf3 Qe1+ 0-1

[Event "Ctor por Equipos de Aragon-Division de Honor"]
[Site ""]
[Date "2023.03.25"]
[Round "9.20"]
[White "Ramon Perez, Jose Luis"]
[Black "Laliena Solanes, Luis"]
[Result "1/2-1/2"]
[WhiteElo "2166"]
[BlackElo "2196"]
[PlyCount "0"]
[WhiteTeam "Fraga"]
[BlackTeam "ONCE C. A. Aragon"]
[EventDate "2023.01.28"]

1. e4 c5 2. Nc3 Nc6 3. Bb5 Nd4 4. Nf3 e6 5. O-O a6 6. Bd3 Nc6 7. Nd5 g6 8. c3
Bg7 9. Ne3 Nge7 10. Bc2 e5 11. b4 d6 12. Rb1 O-O 13. a4 cxb4 14. cxb4 b5
1/2-1/2

[Event "Ctor por Equipos de Aragon-Division de Honor"]
[Site ""]
[Date "2023.03.25"]
[Round "9.21"]
[White "Gavin Roche, Enrique"]
[Black "Vallverdu Miret, Oscar"]
[Result "1/2-1/2"]
[WhiteElo "2201"]
[BlackElo "2086"]
[PlyCount "0"]
[WhiteTeam "ONCE C. A. Aragon"]
[BlackTeam "Fraga"]
[EventDate "2023.01.28"]

1. d4 d5 2. c4 c6 3. cxd5 cxd5 4. Nc3 Nf6 5. Bf4 g6 6. e3 Bg7 7. h3 O-O 8. Nf3
a6 9. Be2 Nc6 10. O-O Bf5 11. Ne5 Ne4 12. Re1 Nxe5 13. dxe5 1/2-1/2

[Event "Ctor por Equipos de Aragon-Division de Honor"]
[Site ""]
[Date "2023.03.25"]
[Round "9.22"]
[White "Aribau Rivas, Miguel Angel"]
[Black "Baigorri Navarro, Francisco Javier"]
[Result "1/2-1/2"]
[WhiteElo "2036"]
[BlackElo "2158"]
[PlyCount "0"]
[WhiteTeam "Fraga"]
[BlackTeam "ONCE C. A. Aragon"]
[EventDate "2023.01.28"]

1. c4 Nf6 2. Nc3 e6 3. Nf3 b6 4. g3 Bb7 5. Bg2 c5 6. O-O Be7 7. b3 O-O 8. Bb2
a6 9. d4 cxd4 10. Qxd4 d6 11. Rfd1 Qc7 12. Rac1 Nfd7 1/2-1/2

[Event "Ctor por Equipos de Aragon-Division de Honor"]
[Site ""]
[Date "2023.03.25"]
[Round "9.23"]
[White "Cobo Garrido, Diego Israel"]
[Black "Chine Infantes, Miguel Angel"]
[Result "1/2-1/2"]
[WhiteElo "2076"]
[BlackElo "1814"]
[PlyCount "0"]
[WhiteTeam "ONCE C. A. Aragon"]
[BlackTeam "Fraga"]
[EventDate "2023.01.28"]

1. e4 b6 2. d4 Bb7 3. Nc3 e6 4. a3 Nf6 5. Bd3 c5 6. dxc5 Bxc5 7. b4 Bd4 8. Nge2
Nc6 9. Nxd4 Nxd4 10. Ne2 Nxe2 11. Qxe2 h6 12. e5 Nd5 13. Qg4 Qc7 14. Bb2
1/2-1/2

[Event "Ctor por Equipos de Aragon-Division de Honor"]
[Site ""]
[Date "2023.03.25"]
[Round "9.24"]
[White "Zambrana Petisme, Ramiro"]
[Black "Luis Vitalla, Fernando"]
[Result "1/2-1/2"]
[WhiteElo "2143"]
[BlackElo "2097"]
[PlyCount "0"]
[WhiteTeam "Palacio De Pioneros B"]
[BlackTeam "Atletismo Huesca"]
[EventDate "2023.01.28"]

1. e4 c5 2. Nf3 Nf6 3. e5 Nd5 4. Nc3 e6 5. Nxd5 exd5 6. d4 Nc6 7. dxc5 Bxc5 8.
Bd3 d6 9. exd6 Qxd6 10. O-O O-O 11. Re1 h6 12. Be3 Bg4 13. Bxc5 Qxc5 14. h3 Bh5
15. g4 Bg6 16. Ne5 Nxe5 17. Rxe5 Rfe8 18. Rxe8+ Rxe8 19. Bxg6 fxg6 20. Qd3 Rf8
21. Rf1 g5 22. c3 Rf4 23. b4 Qc4 24. Rd1 Qxa2 25. Qxd5+ Qxd5 26. Rxd5 Rc4 27.
Rd7 Rxc3 28. Rxb7 Rb3 29. b5 g6 30. Kg2 h5 31. gxh5 gxh5 32. h4 gxh4 33. Rxa7
Rxb5 34. Kh3 Rb2 35. Kxh4 Rxf2 36. Kxh5 1/2-1/2

[Event "Ctor por Equipos de Aragon-Division de Honor"]
[Site ""]
[Date "2023.03.25"]
[Round "9.25"]
[White "Gella Bitrian, Diego"]
[Black "Gomez Salinas, Nestor"]
[Result "0-1"]
[WhiteElo "2023"]
[BlackElo "2048"]
[PlyCount "0"]
[WhiteTeam "Atletismo Huesca"]
[BlackTeam "Palacio De Pioneros B"]
[EventDate "2023.01.28"]

1. e4 c5 2. Nf3 d6 3. d4 cxd4 4. Nxd4 Nf6 5. Nc3 a6 6. Be2 e5 7. Nb3 Be7 8. O-O
Be6 9. Bg5 Nbd7 10. f4 b5 11. Bf3 h6 12. Bxf6 Nxf6 13. Nd5 Bxd5 14. exd5 exf4
15. Nd4 Nd7 16. Nf5 Qb6+ 17. Kh1 Bf6 18. Re1+ Kd8 19. c3 g6 20. Nd4 Bxd4 21.
cxd4 Re8 22. Rxe8+ Kxe8 23. Qd2 g5 24. Qd3 Nf6 25. Rc1 Kf8 26. b4 Re8 27. h3
Re3 28. Qd2 Qd8 29. Rc6 Qe7 30. Rc1 Ne4 31. Bxe4 Qxe4 32. Qc2 Rxh3+ 33. Kg1
Qe3+ 0-1

[Event "Ctor por Equipos de Aragon-Division de Honor"]
[Site ""]
[Date "2023.03.25"]
[Round "9.26"]
[White "Caballero Ortin, Jorge"]
[Black "Gella Lopez, Angel"]
[Result "1-0"]
[WhiteElo "1714"]
[BlackElo "2023"]
[PlyCount "0"]
[WhiteTeam "Palacio De Pioneros B"]
[BlackTeam "Atletismo Huesca"]
[EventDate "2023.01.28"]

1. e4 c5 2. Nf3 e6 3. d3 d5 4. Qe2 Nf6 5. e5 Nfd7 6. g3 Nc6 7. Bg2 Be7 8. O-O
O-O 9. c4 b5 10. cxd5 exd5 11. Nc3 Nb6 12. Nxb5 a6 13. Nc3 Bg4 14. h3 Nd4 15.
Qd1 Nxf3+ 16. Bxf3 Bxh3 17. Bg2 Qd7 18. Kh2 Bxg2 19. Kxg2 f6 20. Bf4 fxe5 21.
Bxe5 Qf5 22. f4 Rad8 23. Qf3 d4 24. Ne4 Nd5 25. g4 Qe6 26. Rh1 Ne3+ 27. Kg3 g5
28. Nxg5 Bxg5 29. Rxh7 Kxh7 30. Rh1+ Bh6 31. g5 Nf5+ 32. Kf2 Qxa2 33. Qb7+ Rf7
34. Qb6 Rd6 35. Qb8 Rdf6 36. Bxf6 Rxf6 37. gxf6 Qf7 38. Qe5 Ne3 39. Qe7 Qxe7
40. fxe7 Ng4+ 41. Kg2 Nf6 42. Re1 Ne8 43. Kf3 Kg7 44. Re6 Kh7 45. Rxa6 Bg7 46.
Ra8 Nf6 47. e8=Q Nxe8 48. Rxe8 Bf6 49. Rc8 1-0

[Event "Ctor por Equipos de Aragon-Division de Honor"]
[Site ""]
[Date "2023.03.25"]
[Round "9.27"]
[White "Laplaza Ara, Carlos"]
[Black "Crespo Laborda, Alberto"]
[Result "1/2-1/2"]
[WhiteElo "1929"]
[BlackElo "1600"]
[PlyCount "0"]
[WhiteTeam "Atletismo Huesca"]
[BlackTeam "Palacio De Pioneros B"]
[EventDate "2023.01.28"]

1. d4 d5 2. c4 e6 3. Nc3 Nf6 4. Nf3 b6 5. cxd5 exd5 6. Bg5 Be7 7. e3 Bf5 8. Bd3
Bg6 9. Ne5 O-O 10. O-O c5 11. dxc5 bxc5 12. Bb5 d4 13. exd4 cxd4 14. Qf3 Nbd7
15. Nc6 Ne5 16. Nxe5 dxc3 17. Nxg6 hxg6 18. Qxc3 Qd5 19. Bxf6 Bxf6 20. Qc4 Qxc4
21. Bxc4 Rac8 22. Bb3 Bxb2 23. Rad1 Rcd8 24. g3 Bd4 25. Rfe1 Bf6 26. Kg2 g5 27.
h3 g6 28. Rxd8 Rxd8 29. Rc1 Rd7 30. Kf3 Kg7 31. Rc6 Bd4 32. Rc2 Bb6 1/2-1/2

[Event "Cto por Equipos de Aragon-Preferente I"]
[Site ""]
[Date "2023.03.25"]
[Round "9.28"]
[White "Malo Guillen, Jose Luis"]
[Black "Sancho Cortes, Miguel Angel"]
[Result "1/2-1/2"]
[WhiteElo "2128"]
[BlackElo "2024"]
[PlyCount "0"]
[WhiteTeam "Las Fuentes A"]
[BlackTeam "Iberajedrez Mundo 64 B"]
[EventDate "2023.01.28"]

1.d4 e6 2.Nf3 f5 3.c4 Nf6 4.g3 d5 5.Bg2 c6 6.Qc2 Bd6 7.Bf4 Bxf4 8.gxf4 Ne4 9.
Nbd2 Nd7 10.e3 O-O 11.O-O Kh8 12.b4 Nxd2 13.Nxd2 g5 14.fxg5 Qxg5 15.f4 Qh6 16.
Nf3 Nf6 17.Ne5 Bd7 18.Rf3 Qg7 19.Rg3 Qe7 20.a3 Rg8 21.Bf3 Ne4 22.Bxe4 dxe4 23.
c5 Rg7 24.Rxg7 Qxg7+ 25.Qg2 Qe7 26.Qh3 Rg8+ 27.Kf2 Qg7 28.Qg3 Qe7 29.Qh3 Qg7
30.Nxd7 Qxd7 31.Rg1 Rg7 32.Qh4 Rxg1 33.Kxg1 Qg7+ 34.Kf2 h6 35.Qd8+ Kh7 36.Qe8
Qf6 37.h3 Qh4+ 38.Kg2 Qe1 39.Qf7+ 1/2-1/2

[Event "Cto por Equipos de Aragon-Preferente I"]
[Site ""]
[Date "2023.03.25"]
[Round "9.29"]
[White "Garcia Acin, Pablo"]
[Black "Alonso Blasco, Jose Miguel"]
[Result "0-1"]
[WhiteElo "1851"]
[BlackElo "1942"]
[PlyCount "0"]
[WhiteTeam "Iberajedrez Mundo 64 B"]
[BlackTeam "Las Fuentes A"]
[EventDate "2023.01.28"]

1.e4 c6 2.Nc3 d5 3.Nf3 dxe4 4.Nxe4 Nf6 5.Qe2 Nxe4 6.Qxe4 Nd7 7.Bc4 Nf6 8.Ne5
e6 9.Qe2 Bd6 10.d4 Qa5+ 11.c3 Bxe5 12.dxe5 Nd5 13.O-O Bd7 14.Bd2 Qc7 15.a4 Nb6
16.Bd3 a5 17.f4 g6 18.Qf2 Nd5 19.c4 Nb4 20.Bxb4 axb4 21.c5 Qa5 22.b3 O-O-O 23.
Rac1 Kc7 24.Rc4 Bc8 25.Be4 Rd7 26.Qe1 Rhd8 27.Qxb4 Qxb4 28.Rxb4 Rd4 29.Rxd4
Rxd4 30.Re1 b6 31.cxb6+ Kxb6 32.Kf2 Rb4 33.Re3 Ba6 34.Kf3 c5 35.Rc3 c4 36.bxc4
Bxc4 37.Ra3 Rb3+ 38.Rxb3+ Bxb3 39.Kg4 h6 40.h4 Bxa4 41.h5 Be8 42.Kh3 gxh5 43.
Kh4 Kc5 44.Bh7 Kd4 45.g3 Kd5 46.Bc2 Kd4 47.Bd1 Ke3 48.Bxh5 Kf2 49.Bd1 Ke1 50.
Bh5 Kf2 51.Kh3 Kg1 52.f5 exf5 53.e6 fxe6 54.Bxe8 e5 55.Bc6 e4 56.g4 e3 57.Bf3
f4 58.Kh4 Kf2 0-1

[Event "Cto por Equipos de Aragon-Preferente I"]
[Site ""]
[Date "2023.03.25"]
[Round "9.30"]
[White "Roman Gimeno, Javier"]
[Black "Moreno Burillo, Marcos Antonio"]
[Result "0-1"]
[WhiteElo "1899"]
[BlackElo "1748"]
[PlyCount "0"]
[WhiteTeam "Las Fuentes A"]
[BlackTeam "Iberajedrez Mundo 64 B"]
[EventDate "2023.01.28"]

1.d4 f5 2.g4 fxg4 3.h3 d5 4.hxg4 Bxg4 5.Qd3 Nf6 6.Bg5 Qd7 7.Bxf6 exf6 8.Rxh7
Rxh7 9.Qxh7 Bf5 10.Qh5+ g6 11.Qf3 Nc6 12.c3 O-O-O 13.Nd2 Bd6 14.Bh3 Bxh3 15.
Qxh3 Qxh3 16.Nxh3 Rh8 17.Ng1 Ne7 18.O-O-O g5 19.Kc2 Ng6 20.c4 dxc4 21.Nxc4 Kd7
22.Nxd6 Kxd6 23.Nf3 g4 24.Ne1 Rh2 25.Nd3 f5 26.Rg1 Kd5 27.Kc3 b6 28.Nb4+ Kd6
29.Nd3 Ne7 30.e3 Nd5+ 31.Kb3 Nf6 32.Rc1 Ne4 33.Rc2 a5 34.a4 Rg2 35.Kc4 g3 0-1

[Event "Cto por Equipos de Aragon-Preferente I"]
[Site ""]
[Date "2023.03.25"]
[Round "9.31"]
[White "Barranco Castillo, Jose Antonio"]
[Black "Javierre Conesa, Alfonso"]
[Result "1/2-1/2"]
[WhiteElo "1650"]
[BlackElo "1865"]
[PlyCount "0"]
[WhiteTeam "Iberajedrez Mundo 64 B"]
[BlackTeam "Las Fuentes A"]
[EventDate "2023.01.28"]

1.c4 Nf6 2.g3 e6 3.Bg2 d5 4.Nf3 c6 5.O-O Be7 6.d4 Nbd7 7.Qc2 O-O 8.Rd1 b6 9.b3
Bb7 10.Nc3 Rc8 11.e4 dxe4 12.Nxe4 Nxe4 13.Qxe4 Nf6 14.Qc2 Qc7 15.Bf4 Bd6 16.
Bxd6 Qxd6 17.c5 Qe7 18.Ng5 Rfd8 19.a4 h6 20.Ne4 Nxe4 21.Bxe4 Rc7 22.a5 bxc5
23.a6 Bc8 24.dxc5 e5 25.b4 Be6 26.Rxd8+ Qxd8 27.Rd1 Rd7 28.Rd6 g6 29.Rxc6 Rd1+
30.Kg2 Bd5 31.Rd6 Bxe4+ 32.Qxe4 Rxd6 33.cxd6 Qxd6 34.Qa8+ Kg7 35.Qb7 Qd3 36.
Qxa7 Qe4+ 37.f3 Qe2+ 38.Qf2 Qxa6 39.Qb2 Qb5 40.Kf2 f5 41.Qc3 Qd5 42.f4 Kf7 43.
Qc7+ Kf8 44.fxe5 Qd2+ 45.Kf3 Qd3+ 46.Kf2 Qd2+ 47.Kf3 Qd3+ 1/2-1/2

[Event "Cto por Equipos de Aragon-Preferente I"]
[Site ""]
[Date "2023.03.25"]
[Round "9.32"]
[White "Franco Ibanez, Carlos"]
[Black "Portero Garnica, Miguel Angel"]
[Result "1/2-1/2"]
[WhiteElo "1859"]
[BlackElo "2072"]
[PlyCount "0"]
[WhiteTeam "Shatranj A"]
[BlackTeam "Marcos Frechin B"]
[EventDate "2023.01.28"]

1. d4 d5 2. c4 e6 3. Nf3 Nf6 4. g3 Ne4 5. Bg2 c6 6. O-O Bd6 7. Qc2 O-O 8. Nbd2 f5 
9. Ne1 Qf6 10. Ndf3 Nd7 11. Bf4 Bxf4 12. gxf4 g5 13. Nd3 g4 14. Nfe5 Qh4 
15. Nxd7 Bxd7 16. Ne5 Rad8 17. Qd3 Be8 18. Rad1 Qh6 1/2-1/2

[Event "Cto por Equipos de Aragon-Preferente I"]
[Site ""]
[Date "2023.03.25"]
[Round "9.36"]
[White "Garcia Alriols, Jesus"]
[Black "Carruez Gracia, Eduardo"]
[Result "0-1"]
[WhiteElo "1823"]
[BlackElo "1941"]
[PlyCount "0"]
[WhiteTeam "Binefar A"]
[BlackTeam "Agrupacion B"]
[EventDate "2023.01.28"]

1. e4 e6 2. d4 d5 3. exd5 exd5 4. Bd3 Nc6 5. c3 Bd6 6. h3 Nge7 7. Qf3 Be6 8. Ne2 
f6 9. Bf4 Bxf4 10. Nxf4 Qd7 11. 0-0 0-0-0 12. Nxe6 Qxe6 13. Nd2 Qf7 14. b4 Rdg8 
15. Rfe1 f5 16. b5 Nd8 17. Re5 Rf8 18. Rae1 Ng8 19. Rxd5 Nf6 20. Rxf5 g6 21. Bc4 
Qg7 22. Qg3 Ne4 23. Nxe4 Rxf5 24. Nc5 Kb8 25. a4 Rhf8 26. f3 h5 27. a5 g5 28. b6 
Rf4 29. bxc7+ Qxc7 30. Qxg5 R4f5 31. Qe7 Qxe7 32. Rxe7 Kc8 33. Bd3 R5f7 34. Re5 
h4 35. Ne4 Rg7 36. c4 Nc6 37. Rc5 Rxf3 38. Bf1 Rf4 39. Bd3 Kb8 40. Rd5 Nb4 41. Rb5 
Nxd3 42. Nd6 Ne1 43. g4 hxg3 44. Rc5 a6 45. Rc8+ Ka7 46. Re8 Nf3+ 47. Kg2 Nh4+ 48. 
Kg1 g2 49. Nc8+ Kb8 50. Nb6+ Kc7 51. Rc8+ Kd6 52. c5+ Ke6 53. d5+ Ke5  0-1

[Event "Cto por Equipos de Aragon-Preferente I"]
[Site ""]
[Date "2023.03.25"]
[Round "9.37"]
[White "Larrosa Poves, Jose Manuel"]
[Black "Ballarin Corvinos, Jorge"]
[Result "0-1"]
[WhiteElo "1902"]
[BlackElo "1748"]
[PlyCount "0"]
[WhiteTeam "Agrupacion B"]
[BlackTeam "Binefar A"]
[EventDate "2023.01.28"]

1. d4 Nf6 2. c4 g6 3. Nc3 Bg7 4. Nf3 O-O 5. Bg5 d6 6. e3 Nbd7 7. Be2 h6 8. Bh4
e5 
9. dxe5 dxe5 10. Qc2 c6 11. O-O Qc7 12. b4 Nb6 13. Bg3 Nh5 14. Rac1 Be6 15.
Nd4 Nxg3 
16. Nxe6 Nxe2+ 17. Qxe2 fxe6 18. e4 Rad8 19. c5 Nd7 20. Qc4 Rfe8 21.
Rfd1 Kf7 
22. Rd3 Nf6 23. Rcd1 Rxd3 24. Qxd3 Re7 25. f3 Rd7 26. Qc2 Rxd1+ 27.
Qxd1 Qd7 
28. Qxd7+ Nxd7 29. Kf2 b6 30. cxb6 Nxb6 31. b5 cxb5 32. Nxb5 Nc8 33.
a4 Ke8 
34. Ke3 Kd7 35. Kd3 Kc6 0-1

[Event "Cto por Equipos de Aragon-Preferente I"]
[Site ""]
[Date "2023.03.25"]
[Round "9.38"]
[White "Arino Castan, Federico"]
[Black "Pedrol Aguila, Mario"]
[Result "1/2-1/2"]
[WhiteElo "1612"]
[BlackElo "1681"]
[PlyCount "0"]
[WhiteTeam "Binefar A"]
[BlackTeam "Agrupacion B"]
[EventDate "2023.01.28"]




1. d4 c5 2. e3 d5 3. Nf3 Nc6 4. Be2 e6 5. O-O Nge7 6. b3 g6 7. Bb2 Bg7 8. Qc1 
cxd4 
9. exd4 Nf5 10. c3 O-O 11. Na3 h5 12. Nc2 Bh6 13. Qd1 g5 14. Ne5 g4 15. Bc1 
Nxe5 
16. dxe5 Qc7 17. Bxh6 Nxh6 18. Qd2 Nf5 19. Qg5+ Ng7 20. c4 b5 21. Na3 bxc4 

22. bxc4 Qc5 23. Qc1 Ba6 24. Nb5 dxc4 25. Na3 Rac8 26. Qc3 Nf5 27. Rfd1 Rc7 
28. 
Rd2 Rfc8 29. Rad1 Bb7 30. Rd8+ Kh7 31. Rxc8 Rxc8 32. Bf1 Bd5 33. Nc2 Rg8 
34. Nd4 
Nh4 35. Qc1 Bf3 36. Bd3+ cxd3 37. Qxc5 Bxd1 38. Qe7 Nf3+ 39. Nxf3 gxf3 
40. Qxf7+ 
Rg7 41. Qxh5+ Kg8 42. Qe8+ Kh7 43. Qh5+ 1/2-1/2

[Event "Cto por Equipos de Aragon-Preferente I"]
[Site ""]
[Date "2023.03.25"]
[Round "9.40"]
[White "Sig Vargas, Pablo"]
[Black "Cebollada Pacheco, Jesus Raul"]
[Result "1/2-1/2"]
[WhiteElo "1901"]
[BlackElo "1955"]
[PlyCount "0"]
[WhiteTeam "Enroque Barbastro A"]
[BlackTeam "MyInvestor Casablanca B"]
[EventDate "2023.01.28"]

1. b4 Nf6 2. Bb2 g6 3. Nf3 Bg7 4. e3 O-O 5. Be2 b6 6. O-O Bb7 7. c4 d6 8. d4
Nbd7 9. Nbd2 e5 10. dxe5 Ng4 11. Rb1 Ngxe5 12. Nxe5 Nxe5 13. Nf3 Bxf3 14. Bxf3
Nxf3+ 15. Qxf3 a5 16. b5 Bxb2 17. Rxb2 Re8 18. Rd2 Qe7 19. Rd4 Rad8 20. Rfd1
Qd7 21. Qf4 Qe7 22. Qf3 Kg7 23. Kf1 Qd7 24. Qd5 Re6 25. Re4 Rxe4 26. Qxe4 Re8
27. Qf3 Re5 28. Rd5 Qe6 29. Qd1 Re4 30. Rd4 Re5 31. Rd5 Kg8 32. h3 Qf5 33. Rxe5
Qxe5 34. Qd4 Qh2 35. Qe4 Qh1+ 36. Ke2 Qc1 37. Qd3 a4 38. a3 Qb2+ 39. Kf3 Qb3
40. Ke2 Qa2+ 41. Kf3 Qb2 42. g3 Qb3 43. Ke2 Qb2+ 44. Kf3 1/2-1/2

[Event "Cto por Equipos de Aragon-Preferente I"]
[Site ""]
[Date "2023.03.25"]
[Round "9.41"]
[White "Antonano Fernandez-Quincoces, Avelino"]
[Black "Campo Pelegrin, Ramon"]
[Result "1-0"]
[WhiteElo "1901"]
[BlackElo "1788"]
[PlyCount "0"]
[WhiteTeam "MyInvestor Casablanca B"]
[BlackTeam "Enroque Barbastro A"]
[EventDate "2023.01.28"]

1. e4 e5 2. Nf3 Nc6 3. d4 exd4 4. Bc4 Be7 5. c3 d3 6. Qb3 Na5 7. Bxf7+ Kf8 8.
Qa4 Kxf7 9. Qxa5 g6 10. Qd5+ Kg7 11. Qxd3 d6 12. Be3 Nf6 13. Nbd2 b6 14. O-O
Re8 15. Nd4 c5 16. Nc6 Qd7 17. Nxe7 Qxe7 18. Bg5 Bb7 19. Rfe1 Qe6 20. Bxf6+
Qxf6 21. b3 Rad8 22. c4 Rf8 23. f3 h5 24. Rac1 Kh7 25. Nf1 h4 26. Ne3 h3 27.
Ng4 Qf4 28. Qe3 hxg2 29. Qxf4 Rxf4 30. Kxg2 Rdf8 31. Rc3 Re8 32. Kg3 Rf7 33.
Rd3 Ref8 34. Ree3 Rd8 35. e5 d5 36. Nf6+ Kg7 37. Nxd5 Rfd7 38. Nf4 1-0

[Event "Cto por Equipos de Aragon-Preferente I"]
[Site ""]
[Date "2023.03.25"]
[Round "9.42"]
[White "Jimenez Azlor, Hugo"]
[Black "Fernandez Alvarez, Mario"]
[Result "1/2-1/2"]
[WhiteElo "1537"]
[BlackElo "1690"]
[PlyCount "0"]
[WhiteTeam "Enroque Barbastro A"]
[BlackTeam "MyInvestor Casablanca B"]
[EventDate "2023.01.28"]

1. d4 Nf6 2. Nf3 d5 3. Bf4 c5 4. c3 Qb6 5. Qb3 c4 6. Qxb6 axb6 7. e3 Nc6 8. Na3
Na7 9. Be2 e6 10. Nc2 Bd7 11. a3 Nc6 12. h3 Ne4 13. O-O Bd6 14. Bxd6 Nxd6 15.
Nd2 Ne7 16. e4 Nxe4 17. Nxe4 dxe4 18. Bxc4 b5 19. Bb3 Nd5 20. Rfe1 Bc6 21. Rad1
O-O 22. Ne3 f5 23. Kh2 h5 24. f3 Rae8 25. fxe4 Nxe3 26. Rxe3 Bxe4 27. d5 exd5
28. Bxd5+ Kh7 29. Bxe4 Rxe4 30. Rxe4 fxe4 31. Rd5 e3 32. Rxh5+ Kg6 33. Re5 Rf2
34. Rxe3 Rxb2 35. Re6+ Kf7 36. Rb6 Rb3 37. Rxb7+ Kf6 38. h4 Rxc3 39. Rxb5 Rxa3
40. h5 Re3 41. g4 Rd3 42. g5+ Kf7 43. Rb7+ Kf8 44. h6 gxh6 45. gxh6 Kg8 46. h7+
Kh8 1/2-1/2

[Event "Cto por Equipos de Aragon-Preferente I"]
[Site ""]
[Date "2023.03.25"]
[Round "9.43"]
[White "Martinez Ramis, Rafael"]
[Black "Rodriguez Alegre, Oscar"]
[Result "1-0"]
[WhiteElo "1345"]
[BlackElo "1417"]
[PlyCount "0"]
[WhiteTeam "MyInvestor Casablanca B"]
[BlackTeam "Enroque Barbastro A"]
[EventDate "2023.01.28"]

1. c4 c5 2. Nc3 e5 3. g3 Nf6 4. Bg2 Nc6 5. d3 d6 6. Nf3 Be7 7. O-O h5 8. h4 Nd4
9. Nxd4 cxd4 10. Nd5 Nxd5 11. Bxd5 g5 12. hxg5 Bxg5 13. e3 O-O 14. Qxh5 Bf5 15.
e4 Bxc1 16. Qxf5 Bh6 17. Kg2 Qg5 18. Rh1 Qxf5 19. exf5 Kg7 20. Rh4 f6 21. Rah1
Rh8 22. b3 Rab8 23. Rg4+ Kf8 24. Rxh6 Rxh6 25. Rg8+ 1-0

[Event "Cto por Equipos de Aragon-Preferente I"]
[Site ""]
[Date "2023.03.25"]
[Round "9.44"]
[White "Fabre Perez, Jose Maria"]
[Black "Lorente Melcon, Maximo"]
[Result "1/2-1/2"]
[WhiteElo "1981"]
[BlackElo "1980"]
[PlyCount "0"]
[WhiteTeam "Delicias B"]
[BlackTeam "Helios B"]
[EventDate "2023.01.28"]

1. e4 c5 2. Nf3 e6 3. d4 cxd4 4. Nxd4 Nf6 5. Nc3 Nc6 6. Nxc6 bxc6 7. e5 Nd5 8.
Ne4 Qc7 9. f4 Qb6 10. c4 Bb4+ 11. Ke2 f5 12. exf6 Nxf6 13. Be3 Qd8 14. Nd6+
Bxd6 15. Qxd6 Bb7 16. Rd1 c5 17. Qxc5 Rc8 18. Qxa7 Qc7 19. Ke1 O-O 20. Qb6 Qb8
21. Be2 d5 22. c5 Kh8 23. Rd3 Rc6 24. Qb4 Qc8 25. Rb3 Ba6 26. Bxa6 Qxa6 27. Ra3
Qc8 28. Qd4 Ng4 29. b4 e5 30. Qxd5 exf4 31. Bd4 Re8+ 32. Kd2 Rd8 33. Qc4 Ne3
34. Rxe3 fxe3+ 35. Kc3 Re6 36. Re1 Rde8 37. b5 Qa8 38. Re2 Re4 39. c6 Qa3+ 40.
Kc2 Qd6 41. Kc3 Qa3+ 42. Kc2 Qd6 43. Kc3 Qa3+ 44. Kc2 1/2-1/2

[Event "Cto por Equipos de Aragon-Preferente I"]
[Site ""]
[Date "2023.03.25"]
[Round "9.45"]
[White "Carraminana Lopez, Luis Antonio"]
[Black "Gaspar Calvo, Luis Alberto"]
[Result "0-1"]
[WhiteElo "1901"]
[BlackElo "1845"]
[PlyCount "0"]
[WhiteTeam "Helios B"]
[BlackTeam "Delicias B"]
[EventDate "2023.01.28"]

1. e4 c5 2. Nf3 g6 3. c3 Nf6 4. e5 Nd5 5. Bc4 Nb6 6. Bb3 c4 7. Bc2 d5 8. h3 Nc6
9. d4 cxd3 10. Bxd3 Bg7 11. Bf4 Qc7 12. Qe2 Nd7 13. Bb5 O-O 14. Bxc6 bxc6 15.
O-O e6 16. Re1 a5 17. Qe3 Ba6 18. Nbd2 c5 19. Bh6 Rab8 20. b3 Rfc8 21. Bxg7
Kxg7 22. Qf4 h6 23. h4 c4 24. Re3 cxb3 25. axb3 Qd8 26. Nd4 Nc5 27. b4 Nd3 28.
Qg3 Rxc3 29. Rxa5 Rxb4 30. Nxe6+ fxe6 31. Rxa6 Rc1+ 32. Kh2 Rxh4+ 0-1

[Event "Cto por Equipos de Aragon-Preferente I"]
[Site ""]
[Date "2023.03.25"]
[Round "9.46"]
[White "Garcia Lopez, Alberto Jose"]
[Black "Lorente Melcon, Nicolas"]
[Result "0-1"]
[WhiteElo "1829"]
[BlackElo "1869"]
[PlyCount "0"]
[WhiteTeam "Delicias B"]
[BlackTeam "Helios B"]
[EventDate "2023.01.28"]

1. g3 Nf6 2. Bg2 d5 3. Nf3 e6 4. O-O Be7 5. d3 O-O 6. c4 c6 7. Qc2 b6 8. Nbd2
Bb7 9. e4 c5 10. cxd5 exd5 11. Re1 Nc6 12. a3 h6 13. Nf1 dxe4 14. dxe4 Nd4 15.
Nxd4 cxd4 16. e5 Nd5 17. e6 a5 18. exf7+ Rxf7 19. Bh3 Kh8 20. Qe4 Nf4 21. Qxb7
Nxh3+ 22. Kg2 Nxf2 23. Re6 Ra7 24. Qc6 Rc7 25. Qxb6 Qd5+ 0-1

[Event "Cto por Equipos de Aragon-Preferente I"]
[Site ""]
[Date "2023.03.25"]
[Round "9.47"]
[White "Lacamara Pasamar, Miguel"]
[Black "Martinez Blanco, Ruben"]
[Result "1-0"]
[WhiteElo "1794"]
[BlackElo "1317"]
[PlyCount "0"]
[WhiteTeam "Helios B"]
[BlackTeam "Delicias B"]
[EventDate "2023.01.28"]

1. e4 c5 2. Nf3 Nc6 3. d4 cxd4 4. Nxd4 g6 5. Nc3 Bg7 6. Be3 Nf6 7. Bc4 O-O 8.
Bb3 Qc7 9. O-O a6 10. Nd5 Nxd5 11. exd5 Nxd4 12. Bxd4 Bxd4 13. Qxd4 d6 14. Rfe1
b6 15. Re3 Bf5 16. g4 Bc8 17. h4 Qc5 18. Qf4 e5 19. dxe6 fxe6 20. Qg3 d5 21. c3
Ra7 22. Rd1 Rf6 23. Rd2 Raf7 24. Bd1 Qf8 25. Re5 Qg7 26. Re3 Rf4 27. Rf3 Qf8
28. Rxf4 Rxf4 29. Rd4 Rxd4 30. cxd4 Qe7 31. Qb8 Qb7 32. Qxb7 Bxb7 33. b4 h6 34.
g5 hxg5 35. hxg5 Kf7 36. Be2 b5 37. Kg2 Ke7 38. Bd3 Kf7 39. Kg3 Kg7 40. Kf4 1-0

[Event "Cto por Equipos de Aragon-Preferente II"]
[Site ""]
[Date "2023.03.25"]
[Round "9.48"]
[White "Carretero Cacho, Juan Jose"]
[Black "Mombiela De Sus, Jose Luis"]
[Result "0-1"]
[WhiteElo "2054"]
[BlackElo "1944"]
[PlyCount "0"]
[WhiteTeam "Agrupacion A"]
[BlackTeam "Las Fuentes B"]
[EventDate "2023.01.28"]

1. e4 d5 2. exd5 Nf6 3. c4 e6 4. dxe6 Bxe6 5. Be2 Nc6 6. Nf3 Bc5 7. O-O Nd4 8.
Nxd4 Qxd4 9. Nc3 Qh4 10. Qb3 O-O-O 11. g3 Qh3 12. Bf3 c6 13. Na4 Bd4 14. Bg2
Qh5 15. d3 Ng4 16. h3 Nxf2 17. Rxf2 Qe2 0-1